000 00442nam a2200193Ia 4500
008 101110s9999 xx 000 0 und d
041 _aMARATHI
082 _bSR13602
100 _aManerikar Arun, Palsodkar Suresh
245 _aVyavsay Niyojan
365 _b22
520 _aCommerce
546 _aMARATHI
630 _aVyavsay Niyojan
650 _aCommerce
655 _aCommerce
730 _aVyavsay Niyojan
942 _cBOOK
999 _c807797
_d807794